000 00428pab a2200133 454500
008 180718b xxu||||| |||| 00| 0 eng d
100 _aMurphy Peter A.
245 _aImmigration and the management of Australian cities: the case of Sydney
362 _a30(9), Nov 93, p.1501-519
650 _a Cities and Towns -- Australia
650 _aImmigration and Emigration - Policy - Australia
773 _aUrban Studies
909 _a25996
999 _c25996
_d25996